000 00554nam a2200193Ia 4500
999 _c34410
_d34410
003 OSt
005 20231215111613.0
008 190216s9999||||xx |||||||||||||| ||und||
020 _a9780470026793
040 _coclc
082 _a530.12
_bZET/Q
100 1 _aZettili, Nouredine
_96359
245 0 _aQuantum Mechanics Concepts And Applications /
_cNouredine Zettili
250 _a2nd Ed.
260 _bWiley India,
_c2010.
_aNew Delhi:
300 _a671p
650 _aPhysics
942 _cBK
_2ddc
_h530.12
_iZET/Q
_k530.12
_mZET/Q